Régimen de pequeñas y medianas empresas : ley 24.467. Comentada y concordada con los decretos reglamentarios 737/95 y 908/95. Consorcio de PyMEs. Sociedad de garantía recíproca. Beneficios económicos, impositivos y laborales /
Guardado en:
| Autor Principal: | |
|---|---|
| Otros Autores: | , |
| Formato: | Libro |
| Idioma: | Undetermined |
| Publicado: |
Buenos Aires :
Astrea,
1996.
|
| Edición: | 1a. ed. |
| Materias: | |
| Etiquetas: |
Agregar Etiqueta
Sin Etiquetas, Sea el primero en etiquetar este registro!
|
| LEADER | 00775nam a22001815a 4500 | ||
|---|---|---|---|
| 001 | DER.der015330 | ||
| 008 | 251017s1996####ag############000#0#und#d | ||
| 005 | 20251017111704.0 | ||
| 245 | 1 | 0 | |a Régimen de pequeñas y medianas empresas : |b ley 24.467. Comentada y concordada con los decretos reglamentarios 737/95 y 908/95. Consorcio de PyMEs. Sociedad de garantía recíproca. Beneficios económicos, impositivos y laborales / |c Juan M. Farina, Raúl Fernández Campón y Milton A. Rainolter. |
| 250 | |a 1a. ed. | ||
| 260 | |a Buenos Aires : |b Astrea, |c 1996. | ||
| 300 | |a 293 p. | ||
| 020 | |a 9505084706 | ||
| 100 | 1 | |a Farina, Juan M. | |
| 700 | 1 | |a Fernández Campón, Raúl. | |
| 700 | 1 | |a Rainolter, Milton A. | |
| 650 | 7 | |a DERECHO SOCIETARIO | |
| 859 | |a DERECHO |b BIB. DERECHO |h 346.06 |i FAR |p 003511 | ||
